LEADER 00978nam a22002531i 4500 001 991003041049707536 005 20030827080241.0 008 030925s1916 it |||||||||||||||||ita 035 $ab12372092-39ule_inst 035 $aARCHE-041962$9ExL 040 $aBiblioteca Interfacoltà$bita$cA.t.i. Arché s.c.r.l. Pandora Sicilia s.r.l. 082 04$a850 100 1 $aFerretti, Giovanni$0386331 245 10$aAneddoti leopardiani /$cGiovanni Ferretti 260 $aTorino :$bCasa Ed. E. Loescher,$c1916 300 $a16 p. ;$c24 cm 500 $aEstr. da: Giornale stor. di letter. italiana, vol. LXVII, p. 115 sgg 650 4$aLeopardi, Giacomo 907 $a.b12372092$b02-04-14$c08-10-03 912 $a991003041049707536 945 $aLE002 Misc. I D 5/11 (Fondo Ferretti)$g1$i2002000189134$lle002$o-$pE0.00$q-$rn$so $t0$u0$v0$w0$x0$y.i12777146$z08-10-03 996 $aAneddoti leopardiani$9170231 997 $aUNISALENTO 998 $ale002$b08-10-03$cm$da $e-$fita$git $h0$i1